Грузовые мотороллеры Муравей (Запись № 729839)

Подробности
000 -МАРКЕР
контрольное поле 02218nam0a2200397 4500
001 - ИДЕНТИФИКАТОР ЗАПИСИ
контрольное поле RU\NLR\bibl\735605
005 - ИДЕНТИФИКАТОР ВЕРСИИ
контрольное поле 20250614001326.0
010 ## - МЕЖДУНАРОДНЫЙ СТАНДАРТНЫЙ НОМЕР КНИГИ (ISBN)
Номер (ISBN) 5-218-01042-1
Тираж 10000
021 ## - НОМЕР ГОСУДАРСТВЕННОЙ РЕГИСТРАЦИИ
Код страны Российская Федерация
Номер 2004-57082
Номер Листа государственной регистраци 2810
035 ## - ДРУГИЕ СИСТЕМНЫЕ НОМЕРА
Идентификатор записи RSL-KNO-002478689
035 ## - ДРУГИЕ СИСТЕМНЫЕ НОМЕРА
Идентификатор записи (NLR Aleph) 000725529
100 ## - ДАННЫЕ ОБЩЕЙ ОБРАБОТКИ
Данные общей обработки 20040921d2004 |||y0rusy50 ca
101 0# - ЯЗЫК РЕСУРСА
Язык текста, звукозаписи и т.д. русский
102 ## - СТРАНА ПУБЛИКАЦИИ ИЛИ ПРОИЗВОДСТВА
Страна публикации Российская Федерация
105 ## - ПОЛЕ КОДИРОВАННЫХ ДАННЫХ: ТЕКСТОВЫЕ МАТЕРИАЛЫ, МОНОГРАФИЧЕСКИЕ
Кодированные данные о монографическом текстовом документе a |||||||||
106 ## - ПОЛЕ КОДИРОВАННЫХ ДАННЫХ: ТЕКСТОВЫЕ РЕСУРСЫ – ФОРМА
Форма ресурса: кодированные данные: обозначение носителя r
200 1# - ЗАГЛАВИЕ И СВЕДЕНИЯ ОБ ОТВЕТСТВЕННОСТИ
Основное заглавие Грузовые мотороллеры Муравей
Сведения, относящиеся к заглавию рук. по эксплуатации и мел. ремонту, круп. ремонт, регулировка и наладка, контрол. размеры и спец. инструменты
Первые сведения об ответственности [Д. Евсеев]
210 ## - ПУБЛИКАЦИЯ, РАСПРОСТРАНЕНИЕ И ДР.
Место издания, распространения и т.д. М.
Имя издателя, распространителя и т. д. РусьАвтокнига
Дата издания, распространения и т.д. 2004
Имя изготовителя ГУП ИПК Московская правда
215 ## - ФИЗИЧЕСКАЯ ХАРАКТЕРИСТИКА
Специфическое обозначение материала и объем 110 с.
Другие сведения о физической характеристике ил.
Размеры 21
225 1# - СЕРИЯ
Основное заглавие серии Серия "Рокер"
606 0# - НАИМЕНОВАНИЕ ТЕМЫ КАК ПРЕДМЕТ
Наименование темы Мотороллеры грузовые "Муравей"
Формальный подзаголовок Руководства, пособия и т.п.
Тематический подзаголовок Эксплуатация
Системный номер авторитетной/нормативной записи 2368931
Идентификатор авторитетной/нормативной записи RU\NLR\auth\661414083
606 0# - НАИМЕНОВАНИЕ ТЕМЫ КАК ПРЕДМЕТ
Наименование темы "Муравей", грузовые мотороллеры
Формальный подзаголовок Руководства, пособия и т.п.
Тематический подзаголовок Эксплуатация
Системный номер авторитетной/нормативной записи 2368930
Идентификатор авторитетной/нормативной записи RU\NLR\auth\661414082
606 0# - НАИМЕНОВАНИЕ ТЕМЫ КАК ПРЕДМЕТ
Наименование темы Мотороллеры грузовые "Муравей"
Формальный подзаголовок Руководства, пособия и т.п.
Тематический подзаголовок Ремонт
Системный номер авторитетной/нормативной записи 2294123
Идентификатор авторитетной/нормативной записи RU\NLR\auth\661373789
606 0# - НАИМЕНОВАНИЕ ТЕМЫ КАК ПРЕДМЕТ
Наименование темы "Муравей", грузовые мотороллеры
Формальный подзаголовок Руководства, пособия и т.п.
Тематический подзаголовок Ремонт
Системный номер авторитетной/нормативной записи 2294128
Идентификатор авторитетной/нормативной записи RU\NLR\auth\661373792
610 0# - НЕКОНТРОЛИРУЕМЫЕ ПРЕДМЕТНЫЕ ТЕРМИНЫ
Предметный термин Транспорт -- Автодорожный транспорт -- Мотороллеры -- Техническая эксплуатация и ремонт -- Инструктивные издания
686 ## - ИНДЕКСЫ ДРУГИХ КЛАССИФИКАЦИЙ
Индекс О362-08я82
Код системы
686 ## - ИНДЕКСЫ ДРУГИХ КЛАССИФИКАЦИЙ
Индекс О362-08я7
702 #1 - ИМЯ ЛИЦА - ВТОРИЧНАЯ ОТВЕТСТВЕННОСТЬ
Код отношения Составитель
Начальный элемент ввода Евсеев
Часть имени, кроме начального элемента ввода Д. Г.
Дополнения к именам, кроме дат д-р техн. наук
Даты 1938-
Расширение инициалов личного имени Дмитрий Геннадьевич
Системный номер авторитетной/нормативной записи 197047
Идентификатор авторитетной/нормативной записи RU\NLR\AUTH\770197098
801 #0 - ИСТОЧНИК ЗАПИСИ
Страна Российская Федерация
Организация RuMoRKP
Дата составления 20040921
Правила каталогизации rcr
801 #1 - ИСТОЧНИК ЗАПИСИ
Страна Российская Федерация
Организация RuMoRGB
Дата составления 20040921
801 #2 - ИСТОЧНИК ЗАПИСИ
Страна Российская Федерация
Организация NLR
Дата составления 20050316
Правила каталогизации PSBO
942 ## - ДОПОЛНИТЕЛЬНЫЕ ЭЛЕМЕНТЫ ЗАПИСИ (АБИС)
Тип экземпляра АБИС Книга
980 ## - КОЛЛЕКЦИЯ
Название коллекции Национальная библиография
Экземпляры
Тип экземпляра Дата поступления Источник поступления Библиотека постоянного хранения Библиотека текущего хранения Место хранения Шифр хранения Штрих-код Статус экземпляра
Книга 16.03.2005 Обязательный экземпляр РНБ (Московский) РНБ (Московский) Русский книжный фонд: издания с 1957 года 2005-3/5882 870925  
Книга 16.03.2005 Обязательный экземпляр РНБ (Московский) РНБ (Московский) Русский книжный фонд: издания с 1957 года 2005-3/5882 870926